| 000 | 00708nam a2200241 i 4500 | ||
|---|---|---|---|
| 001 | 18821 | ||
| 003 | ES-MaACL | ||
| 005 | 20230906151930.0 | ||
| 007 | t| | ||
| 008 | 020320s1984 sp ||||1| spa d | ||
| 020 | _a84-7178-833-0 | ||
| 080 | _a32(460)"1975/..." | ||
| 100 | 1 |
_aYsart, Federico. _9117715 |
|
| 245 | 1 | 0 |
_aQuién hizo el cambio / _cFederico Ysart. |
| 250 | _a[2ª ed.]. | ||
| 260 |
_aBarcelona : _bArgos Vergara, _c1984. |
||
| 300 |
_a212 p., [8] p. de lám. ; _c22 cm. |
||
| 490 | 1 |
_aPrimera plana ; _v56 |
|
| 651 | 4 |
_aEspaña- _xPolítica y gobierno- _y1975-1982. _98447 |
|
| 830 | 0 |
_aPrimera plana ; _v56 _9180521 |
|
| 852 |
_aES-MaACL _jG-6782 _bR.131025 |
||
| 999 |
_c18821 _d18821 |
||